Normal view
MARC view
Entry Personal Name
001 - CONTROL NUMBER
- control field: 62285
003 - CONTROL NUMBER IDENTIFIER
- control field: dpl
005 - DATE AND TIME OF LATEST TRANSACTION
- control field: 20240220113921.0
008 - FIXED-LENGTH DATA ELEMENTS
- fixed length control field: 240220|| aca||aabn | a|a d
040 ## - CATALOGING SOURCE
- Original cataloging agency: dpl
- Transcribing agency: dpl
100 ## - HEADING--PERSONAL NAME
- Personal name: सुमन
670 ## - SOURCE DATA FOUND
- Source citation: Work cat.: (dpl)200916: सुमन , डॉ गणेशदत्त शर्मा के काव्यो का शैलीवैज्ञानिक अध्ययन/, 2022
